Villes de Côte d'Ivoire - Statistiques

Statistiques générales
  • Ce quiz a été pris 363 fois
  • Le résultat moyen est 6 sur 12
Statistiques - réponses
Classement Nombre d'habitants Ville % Correct
1 5 616 633 Abidjan
100%
7 340 234 Yamoussoukro
96%
2 832 371 Bouaké
74%
5 390 654 San-Pédro
72%
11 241 969 Man
64%
3 440 926 Korhogo
58%
4 421 879 Daloa
52%
9 277 044 Gagnoa
52%
8 294 559 Divo
31%
10 272 773 Soubré
22%
6 389 592 Anyama
13%
12 220 953 Duékoué
11%
Aucun quiz correspondant
Distribution des résultats
% des personnes avec chaque résultat
Percentile par nombre de réponses
Votre historique - résultats
Vous n’avez pas pris ce quiz